00155nam a22000737a 4500020001500000100001800015245001700033260003100050 a0590444395 aBerta Hader  aThe Big Snow aNew YorkbScholasticc1948